[Event "SLO-chT"]
[Site "Slovenia"]
[Date "1992.??.??"]
[Round "?"]
[White "Marusic, V."]
[Black "Sorli, Maja"]
[Result "1-0"]
[WhiteElo "1850"]
[BlackElo "1850"]
[PlyCount "100"]
[EventDate "1992.??.??"]
[EventType "team"]
[EventRounds "4"]
[EventCountry "SLO"]
[SourceTitle "EXT 1999"]
[Source "ChessBase"]
[SourceDate "1998.11.16"]
[SourceVersion "1"]
[SourceVersionDate "1998.11.16"]
[SourceQuality "1"]

1. e4 c5 2. Nf3 e6 3. d4 cxd4 4. Nxd4 a6 5. Nc3 Qc7 6. Be2 Nf6 7. Be3 Bb4 8. Qd3 Nc6 9. f3 Ne5 10. Qd2 Nc4 11. Bxc4 Qxc4 12. Nde2 b5 13. Qd4 Qxd4 14. Bxd4 Bb7 15. 0-0-0 d6 16. a3 Bc5 17. Rd3 Bxd4 18. Rxd4 Ke7 19. Rhd1 Rhd8 20. a4 Bc6 21. axb5 axb5 22. Rb4 Ra1+ 23. Kd2 Rxd1+ 24. Kxd1 e5 25. Ng3 g6 26. Nxb5 Rb8 27. Na7 Bb7 28. Nc6+ Kd7 29. Nxb8+ Kc7 30. Ne2 Kxb8 31. Nc3 Kc8 32. Nb5 Ne8 33. Na7+ Kc7 34. Rc4+ Kb6 35. Nc8+ Kb5 36. Rc3 f5 37. exf5 gxf5 38. Ne7 f4 39. g4 fxg3 40. hxg3 Kb6 41. Nc8+ Kb5 42. Ne7 Kb6 43. Nf5 Ka7 44. b4 Kb8 45. Re3 Kc7 46. c4 Nf6 47. Rd3 e4 48. Rxd6 Ne8 49. Re6 Bc8 50. Rxe8 Bxf5 1-0